| 000 | 00706nam a22002057a 4500 | ||
|---|---|---|---|
| 005 | 20100727104913.0 | ||
| 010 | _aENG-97111 | ||
| 020 |
_a9788171325412 _c400.00 |
||
| 035 | _aEN-80644 | ||
| 037 | _bDBAD/PUB | ||
| 082 | _a551.4 | ||
| 100 |
_aAgrawal, L.C. _93553 |
||
| 245 |
_aIntroduction to geomorphology / _cby L.C Agrawal |
||
| 260 |
_aJaipur _bPointer Publisher _c2008 |
||
| 270 |
_a807,Vyas Building,Chaura rasta _bJaipur _e302003 |
||
| 300 |
_axiv,128p. _c23cm (Hb) |
||
| 700 |
_aRazdan, Meghna _91608 |
||
| 942 |
_2ddc _cEN _h551.4 _mAGR |
||
| 999 |
_c37843 _d37843 |
||